東京都内にある二面二線のJR駅 - Statistics

General Stats
  • This quiz has been taken 231 times
  • The average score is 12 of 24
Answer Stats
答え % Correct
十条
71%
西国分寺
67%
浅草橋
65%
西八王子
63%
新小平
62%
武蔵境
60%
西大井
57%
秋葉原
56%
原宿
54%
西府
52%
中神
51%
東中神
51%
分倍河原
51%
西国立
50%
谷保
50%
相原
48%
片倉
48%
北八王子
48%
千駄ケ谷
48%
小宮
44%
秋川
38%
小作
38%
鳩ノ巣
25%
古里
21%
No matching quizzes found
Score Distribution
Percent of People with Each Score
Percentile by Number Answered
Your Score History
You have not taken this quiz